000 00354nam a2200133Ia 4500
003 GCL
008 140319s9999 xx 000 0 eng d
040 _aGCL /
_cGCL
082 0 4 _a344.41099
_bC R
100 1 _aCOLLINS, VALERIE
245 1 0 _aRECREATION AND THE LOW: 2ND ED /
_cCOLLINS, VALERIE
260 _a[S.N] :
_bE & FN SPON ،
_c1993
300 _a186 P
999 _c10710
_d10710